00890cas a22001814i 4500001001000000003001000010005001700020008004100037022001400078040004100092041000800133100004800141245005500189300004800244520032000292650002700612773006900639768714001CO-MdFUSB20220926115845.0180613s1991 gt ||||| |||| 00| 0 spa d a1014-9341 aCO-MdFUSBbspacCO-MdFUSBdCO-MdFUSB aspa1 aDonner, Theodorus Gerardus (Theo G.)eautor00aFe cristiana e historia (segunda de cuatro partes) aNúmero 9 (1991), páginas 33-50c: 22 cm aUn aspecto distintivo de la fe cristiana es la importancia que para ella tiene la historia. Se fundamenta en hechos que ocurrieron dentro de la historia, y cuya falsedad, si se llegara a comprobar, derrumbaría toda su estructura. Se distingue por entender la historia en un sentido lineal, y también particular. 0aHistoria de la Iglesia0 tKairós049489gNúmero 9 (1991), páginas 33-50qPágina 33